Clubs de football sans voyelles #1 - Statistiques

Statistiques générales
  • Ce quiz a été pris 92 fois
  • Le résultat moyen est 17 sur 20
Statistiques - réponses
Indices Réponses % Correct
MNCHSTR CT Manchester City
100%
PRS SNT-GRMN Paris Saint-Germain
100%
RL MDRD Real Madrid
100%
CHLS FC Chelsea FC
98%
BRN MNCH Bayern Munich
96%
FC NNTS FC Nantes
96%
LVRPL FC Liverpool FC
96%
SVLL FC Séville FC
93%
NPLS Naples
92%
NTR MLN Inter Milan
89%
FC PRT FC Porto
87%
ZNTH SNT-PTRSBRG Zénith Saint-Pétersbourg
85%
FC GRNDNS D BRDX FC Girondins de Bordeaux
82%
GLTSR SK Galatasaray SK
82%
STNDRD D LG Standard de Liège
80%
DNM ZGRB Dinamo Zagreb
72%
SCHLK 04 Schalke 04
66%
CLT VG Celta Vigo
65%
LCSTR CT Leicester City
61%
FK KRSNDR FK Krasnodar
56%
Aucun quiz correspondant
Distribution des résultats
% des personnes avec chaque résultat
Percentile par nombre de réponses
Votre historique - résultats
Vous n’avez pas pris ce quiz